| 000 | 00356 a2200145 4500 | ||
|---|---|---|---|
| 999 |
_c12302 _d12302 |
||
| 003 | OSt | ||
| 005 | 20240117114754.0 | ||
| 008 | 240117b ||||| |||| 00| 0 eng d | ||
| 020 | _a9780143100256 | ||
| 082 |
_a915.48 _bDEA |
||
| 100 |
_aDe, Aditi, _d1954- |
||
| 245 | _aMultiple city : writings on Bangalore | ||
| 260 |
_bPenguin India _c2008 |
||
| 942 | _2ddc | ||